Theory and practice of leadership / (Record no. 363484)
[ view plain ]
| 000 -LEADER | |
|---|---|
| fixed length control field | 00352nam a2200121Ia 4500 |
| 008 - FIXED-LENGTH DATA ELEMENTS--GENERAL INFORMATION | |
| fixed length control field | 200611s9999 xx 000 0 und d |
| 020 ## - INTERNATIONAL STANDARD BOOK NUMBER | |
| International Standard Book Number | 978-1-84920-024-0 |
| 100 ## - MAIN ENTRY--PERSONAL NAME | |
| Personal name | Gill, Roger |
| 245 ## - TITLE STATEMENT | |
| Statement of responsibility, etc | Roger Gill.-- |
| Title | Theory and practice of leadership / |
| 260 ## - PUBLICATION, DISTRIBUTION, ETC. (IMPRINT) | |
| Place of publication, distribution, etc | UK : |
| Name of publisher, distributor, etc | SAGE Publication Ltd. |
| Date of publication, distribution, etc | 2011 |
| 300 ## - PHYSICAL DESCRIPTION | |
| Extent | xix, 377 pages |
| 500 ## - GENERAL NOTE | |
| General note | Includes index. |
| Withdrawn status | Lost status | Damaged status | Home library | Current library | Shelving location | Date acquired | Total Checkouts | Full call number | Barcode | Date last seen | Price effective from | Koha item type |
|---|---|---|---|---|---|---|---|---|---|---|---|---|
| Southville International School Affiliated with Foreign Universities Library | Southville International School Affiliated with Foreign Universities Library | Southville Foreign University Section | 06/11/2020 | HD 57.7 .G52 2011 | SFU0592 | 06/11/2020 | 06/11/2020 | Books |